Derecho colectivo del trabajo (Registro nro. 328)

Detalles MARC
000 -LEADER
fixed length control field 01041 a2200229 4500
001 - CONTROL NUMBER
control field 3384
005 - DATE AND TIME OF LATEST TRANSACTION
control field 20260407155428.0
008 - FIXED-LENGTH DATA ELEMENTS--GENERAL INFORMATION
fixed length control field 260407a2007 arg spa d
003 - CONTROL NUMBER IDENTIFIER
control field AR-UNSa-BCEJYS
040 ## - CATALOGING SOURCE
Original cataloging agency AR-UNSa-BCEJYS
Language of cataloging spa
Transcribing agency AR-UNSa-BCEJYS
080 ## - UNIVERSAL DECIMAL CLASSIFICATION NUMBER
Universal Decimal Classification number 349.2
Common auxiliary subdivision Derecho del Trabajo
020 ## - INTERNATIONAL STANDARD BOOK NUMBER
International Standard Book Number 978-950-508-765-5
100 1# - MAIN ENTRY--PERSONAL NAME
Personal name Etala, Carlos Alberto
245 10 - TITLE STATEMENT
Title Derecho colectivo del trabajo
Name of part/section of a work asociaciones sindicales. Convenios colectivos. Conflictos. Conciliación y arbitraje. Huelga
250 ## - EDITION STATEMENT
Edition statement 2a. ed.
264 #1 - PRODUCTION, PUBLICATION, DISTRIBUTION, MANUFACTURE, AND COPYRIGHT NOTICE
Place of production, publication, distribution, manufacture Buenos Aires :
Name of producer, publisher, distributor, manufacturer Astrea
Date of production, publication, distribution, manufacture, or copyright notice 2007
300 ## - PHYSICAL DESCRIPTION
Extent xxxii, 547 p.
Dimensions 25 cm.
505 ## - FORMATTED CONTENTS NOTE
Formatted contents note 1. Introducción - 2. Derecho de las asociaciones sindicales de trabajadores - 3. Derecho de la negociación colectiva - 4. Derecho de los conflictos colectivos de trabajo - 5. La participación de los trabajadores en la empresa
590 ## - LOCAL NOTE (RLIN)
Local note niveau_biblio:m niveau_hierar:0
856 41 - ELECTRONIC LOCATION AND ACCESS
Uniform Resource Identifier <a href="https://biblioeco.unsa.edu.ar/pmb/images/libros/Derecho Colectivo del Trabajo-l118286.jpg">https://biblioeco.unsa.edu.ar/pmb/images/libros/Derecho Colectivo del Trabajo-l118286.jpg</a>
Link text Imagen de portada
Electronic format type image/jpeg
942 ## - ADDED ENTRY ELEMENTS (KOHA)
Koha item type
Existencias
Withdrawn status Lost status Damaged status Not for loan Home library Current library Shelving location Date acquired Total checkouts Full call number Barcode Date last seen Price effective from Koha item type
        Biblioteca Prof. Eusebio Cleto del Rey Biblioteca Prof. Eusebio Cleto del Rey   07/04/2026   349.2 E83 2ed. L118286 07/04/2026 07/04/2026 Libro
        Biblioteca Prof. Eusebio Cleto del Rey Biblioteca Prof. Eusebio Cleto del Rey   07/04/2026   349.2 E83 2ed. L118287 07/04/2026 07/04/2026 Libro